000 00388nam a2200145Ia 4500
008 100122s9999 xx 000 0 und d
082 _b68056
_a923.854
100 _aपवार प्रताप
245 _aवाटचाल
260 _bसकाळ पेपर्स
_c2005
300 _a10
630 _aवाटचाल
730 _aवाटचाल
942 _cBOOK
999 _c439814
_d439811